American wildlife painting / (Record no. 1432)

MARC details
000 -LEADER
fixed length control field 00864cam a2200289 4500
005 - DATE AND TIME OF LATEST TRANSACTION
control field 20260322212100.0
008 - FIXED-LENGTH DATA ELEMENTS--GENERAL INFORMATION
fixed length control field data
010 ## - LIBRARY OF CONGRESS CONTROL NUMBER
LC control number 75015856
020 ## - INTERNATIONAL STANDARD BOOK NUMBER
International Standard Book Number 0823002179
020 ## - INTERNATIONAL STANDARD BOOK NUMBER
International Standard Book Number 9780823002177
040 ## - CATALOGING SOURCE
Original cataloging agency DLC
Transcribing agency DLC
Modifying agency DLC
043 ## - GEOGRAPHIC AREA CODE
Geographic area code n-us---
050 00 - LIBRARY OF CONGRESS CALL NUMBER
Classification number ND1382
Item number .N67 1975
082 00 - DEWEY DECIMAL CLASSIFICATION NUMBER
Classification number 759.06
092 ## - LOCALLY ASSIGNED DEWEY CALL NUMBER (OCLC)
Classification number 759.06 N67 1975
001 - CONTROL NUMBER
control field data
100 1# - MAIN ENTRY--PERSONAL NAME
Personal name Norelli, Martina Roudabush.
245 10 - TITLE STATEMENT
Title American wildlife painting /
Statement of responsibility, etc. Martina Roudabush Norelli.
260 ## - PUBLICATION, DISTRIBUTION, ETC.
Place of publication, distribution, etc. New York :
Name of publisher, distributor, etc. Watson-Guptill Publications,
Date of publication, distribution, etc. 1975.
300 ## - PHYSICAL DESCRIPTION
Extent 224 p. :
Other physical details chiefly ill. (some col.) ;
Dimensions 32 cm.
500 ## - GENERAL NOTE
General note Includes index.
504 ## - BIBLIOGRAPHY, ETC. NOTE
Bibliography, etc. note Bibliography: p. 218-220.
650 #0 - SUBJECT ADDED ENTRY--TOPICAL TERM
Topical term or geographic name entry element Wildlife painting, American.
650 #0 - SUBJECT ADDED ENTRY--TOPICAL TERM
Topical term or geographic name entry element Painters
Geographic subdivision United States.
906 ## - LOCAL DATA ELEMENT F, LDF (RLIN)
a 7
b cbc
c orignew
d 1
e ocip
f 19
g y-gencatlg
991 ## -
-- c-GenColl
-- ND1382
-- .N67 1975
-- Copy 1
-- BOOKS
Holdings
Withdrawn status Lost status Damaged status Not for loan Home library Current library Shelving location Date acquired Total checkouts Full call number Barcode Date last seen Price effective from Koha item type
        Centerville Centerville General stacks 22/03/2026   759.06 BC0011479 22/03/2026 22/03/2026 Books